000 01731nam a2200241 i 4500
001 157900
003 ES-MaACL
005 20240215150934.0
008 940206s1738 sp a |||| | spa d
100 1 _aLobo, Eugenio Gerardo.
_973014
245 1 0 _aObras poeticas lyricas /
_cque su autor, el Coronel D. Eugenio Gerardo Lobo, Capitan de Guardias de Infantería Española, ha cedido à la Congregacion de la Milagrosa Imagen de N. Señora de Peña Sacra, que se venera en el Real de Manzanares ; sacalas a luz la misma Congregacion ... siendo Hermano Mayor el ... Marqués de Casa Sola, y consiliarios del culto de su Magestad, D. Phelipe Alcocèr, y D. Antonio Tellez de Azebedo.
250 _aCorregidas y enmendadas las que antes estaban impressas, y añadidas en mucho que hasta aora no ha salido à luz y va notado con esta señal *.
260 _aEn Madrid :
_ben la Imprenta Real por Don Miguel Francisco Rodriguez,
_c1738.
300 _a[28], 392 p., [1] h. de grab. ;
_c4\so\p.
530 _aDisponible en formato digital.
597 _aSign.: [calderón]3[calderón]4, 4[calderón]2, A-Z4, 2A-2Z4, 3A-3C4.
597 _aPort. orlada.
599 _aLa h. de grab. calc.: "Verdadero retrato de Ntra. Sra. de la Peña Sacra questa en el Real de Mançanares, año 1783, F.C."
852 _aES-MaACL
_jR-3372
_9163753
_dOlim: D-4143
_zCambio de signatura. Datos tomados del fichero topográfico R
_zCotejado con la relación de obras recuperadas expediente robo.
_xEncuadernación en pergamino
_qEdic.: tiene al final [6] p., [2] en bl. con sign. 3D\p4\s
856 _uhttp://bdh-rd.bne.es/viewer.vm?id=0000076705&page=1
_zBiblioteca Digital Hispánica
942 _2udc
999 _c157900
_d157900